000 00307nam a22001457a 4500
008 210311b ||||| |||| 00| 0 eng d
020 _a0130577952
041 _aeng
080 _25th
_a541
082 _a541
100 _a12
101 _aKIM
245 _aBasic Chemistry
_cSeese,W.S
942 _2udc
_cBK
999 _c56310
_d56310